000 01240nam0a22002651 4500
001 rc\874927
005 20041129093505.2
035 _a(NLR Aleph) 006053105
090 _a4827610
_c4827610
100 _a20041129d1984 u |0rusy50 ca
101 0 _arus
102 _aRU
105 _ay |||||||||
200 1 _aЦели научно-технического развития в промышленности и совершенствование механизма их реализации
_eСб. науч. тр.
_f[Редкол.: В.С. Кабаков, К.Ф. Пузыня (отв. редакторы) и др.]
210 _aЛ.
_cЛИЭИ
_d1984
215 _a146 с.
_d20
225 1 _aЭкономика и управление социалистическим производством
_fЛенингр. инж.-экон. ин-т им. Пальмиро Тольятти
320 _aБиблиогр. в конце ст.
702 1 _aКабаков
_bВ. С.
_gВиктор Степанович
_4340
712 0 2 _aЛенинградский инж.-экон. ин-т им. П.Тольятти
_3RU\NLR\AUTH\883341
801 0 _aRU
_bNLR
_gpsbo
801 1 _aRU
_bELAR
_2rusmarc
852 _aNLR
_j85-3/7436
942 _cBOOK
980 _aNB